00279nam a2200109Ia 4500008004100000100002000041245000900061260000900070300003300079440002400112650003300136180117s9999 xx 000 0 und d aby AA Patawaran aWHWN c2017 a20-22 pages, 2017 January 29 aPhilippine Panorama aALL THAT'S UGLY ABOUT BEAUTY